000 00307nam a2200133Ia 4500
005 20251222155055.0
008 251222s9999||||xx |||||||||||||| ||spa||
082 _aMEQ. 68
100 _aORTIZ M.
245 0 _aDiagnostico Diferencial Semiologico
250 _a1ra. ed.
264 _bJaroyo
942 _cLIB
999 _c37442
_d37442